Fiber optic sensors for construction materials and bridges : (Record no. 545613)

000 -LEADER
fixed length control field 00880cam a2200205 a 4500
020 ## - INTERNATIONAL STANDARD BOOK NUMBER
International Standard Book Number 1566766710
082 00 - DEWEY DECIMAL CLASSIFICATION NUMBER
Classification number 621.3692024624
Author Mark FIB
245 10 - TITLE STATEMENT
Title Fiber optic sensors for construction materials and bridges :
Remainder of title proceedings of the International Workshop on Fiber Optic Sensors for Construction Materials and Bridges, May 3-6, 1998 /
Statement of responsibility, etc. sponsored by the National Science Foundation ; edited by Farhad Ansari.
260 ## - PUBLICATION, DISTRIBUTION, ETC.
Place of publication, distribution, etc. Lancaster, Pa. :
Name of publisher, distributor, etc. Technomic Pub.,
Date of publication, distribution, etc. c1998.
300 ## - PHYSICAL DESCRIPTION
Extent xiv, 267 p. :
Other physical details ill. ;
Dimensions 24 cm.
526 ## - STUDY PROGRAM INFORMATION NOTE
Program name 0
Interest level 0
Reading level 0
Title point value 621_369202462400000_FIB
650 #0 - SUBJECT ADDED ENTRY--TOPICAL TERM
Topical term or geographic name entry element Bridges
General subdivision Testing
9 (RLIN) 21626
650 #0 - SUBJECT ADDED ENTRY--TOPICAL TERM
Topical term or geographic name entry element Building materials
General subdivision Testing
650 #0 - SUBJECT ADDED ENTRY--TOPICAL TERM
Topical term or geographic name entry element MCE
9 (RLIN) 379
650 #0 - SUBJECT ADDED ENTRY--TOPICAL TERM
Topical term or geographic name entry element Optical fiber detectors
9 (RLIN) 41529
650 #0 - SUBJECT ADDED ENTRY--TOPICAL TERM
Topical term or geographic name entry element Strains and stresses
General subdivision Measurement
9 (RLIN) 41530
700 1# - ADDED ENTRY--PERSONAL NAME
Personal name Ansari, Farhad.
9 (RLIN) 41531
710 2# - ADDED ENTRY--CORPORATE NAME
Corporate name or jurisdiction name as entry element National Science Foundation (U.S.)
9 (RLIN) 19656
942 ## - ADDED ENTRY ELEMENTS (KOHA)
Source of classification or shelving scheme
Koha item type Book
Holdings
Withdrawn status Lost status Source of classification or shelving scheme Damaged status Not for loan Permanent Location Current Location Date acquired Total Checkouts Full call number Barcode Date last seen Price effective from Koha item type
          Military College of Engineering (MCE) Military College of Engineering (MCE) 05/27/2014   621.3692024624 FIB MCE-43898 05/27/2014 05/27/2014 Book
© 2023 Central Library, National University of Sciences and Technology. All Rights Reserved.